| 000 | 00511 a2200169 4500 | ||
|---|---|---|---|
| 005 | 20250515150525.0 | ||
| 020 | _a978-0-07-304810-9 | ||
| 082 | _aLECT 346.730 McA | ||
| 100 | _aMcADAMS, T. | ||
| 245 | _aLaw, Business and Society. | ||
| 250 | _a8th Ed. | ||
| 260 |
_aBoston, _bMcgraw-Hill, _c2007. |
||
| 300 |
_axxiii, 830p.: ill.; table. _bGlossary & Index _c24cm. |
||
| 700 | _aNESLUND, N. & NESLUND, K. | ||
| 856 |
_yAccess online book _fLaw, Business and Society. _dwww.mhhe.com/mcadams8e |
||
| 942 |
_2ddc _cBKS |
||
| 999 |
_c2328 _d2328 |
||